000 00430nam a2200169Ia 4500
003 GCL
008 140319s9999 xx 000 0 eng d
040 _aGCL /
_cGCL
082 0 4 _a330
_bW E
100 1 _aWONNACOTT, RONALD J.
245 1 0 _aECONOMICS /
_cWONNACOTT, RONALD J.
700 1 _aWONNACOTT, PAUL
260 _a[S.N] :
_bJOHN WILEY AND SONS. INC ،
_c1990
300 _a804 P
650 0 4 _aECONOMICS
942 _2ddc
_cBK
999 _c19441
_d19441